000 00675nam a2200289Ia 4500
005 20260324152433.0
008 008 260324s9999 xx 000 0 eng d
020 _a9780081010013
037 _aEBOOK
040 _aCRL
040 _beng
040 _cCRL
041 _2eng
041 _aeng
084 _qCRL
100 _aRogers, Lauren
_91228898
245 0 _aSensory Panel Management
260 _bElsevier
260 _c2017
650 _a Food Sciences
650 _aAgricultural
650 _aBiological
856 _uhttps://www.sciencedirect.com/science/book/9780081010013
942 _cEBOOK
999 _c1839499
_d1839499